| 000 | 00667 a2200193 4500 | ||
|---|---|---|---|
| 999 |
_c26545 _d26545 |
||
| 008 | 230628b ||||| |||| 00| 0 eng d | ||
| 020 |
_a9780814437537 _cRs1626.00 |
||
| 041 | 0 | _aeng | |
| 082 | 0 | 0 |
_a658.7 _bB693 |
| 100 |
_95578 _aBolstorff, Peter |
||
| 245 |
_aSupply Chain Excellence : A Handbook for dramatic improvement using the SCOR model / _cPeter Bolstorff, and Robert Rosenbaum |
||
| 250 | _a3rd ed. | ||
| 260 |
_a[S.l.] : _bHarper Collins Leadership, _cc2012. |
||
| 300 |
_axviii, 284 p. : _bill. ; _c24 cm. |
||
| 500 | _aAdapted for using SAP and Global projects | ||
| 650 | 0 | _aBusiness Logistics | |
| 700 |
_95579 _aRosenbaum, Robert |
||
| 942 |
_2ddc _cBK |
||